| 000 | 00716nam a2200181 i 4500 | ||
|---|---|---|---|
| 001 | 56947 | ||
| 003 | ES-MaACL | ||
| 005 | 20230906163500.0 | ||
| 007 | t| | ||
| 008 | 031014s1964 sp ||||1| spa d | ||
| 110 | 2 |
_aComisaría de Aguas del Guadalquivir. _9172114 |
|
| 245 | 1 | 0 |
_aAvance de inventario de aprovechamientos de riego en la cuenca del Guadalquivir, y en las atlánticas entre Sanlúcar y Tarifa / _cDirección General de Obras Hidráulicas. |
| 260 |
_aSevilla : _b[s.n.], _c1964. |
||
| 300 |
_a234 p., 1 mapa pleg. ; _c22 cm. |
||
| 594 | _aPrecede al tít.: Ministerio de Obras Públicas. Dirección General de Obras Hidraúlicas. | ||
| 650 | 4 |
_aRiego- _zEspaña. _9172115 |
|
| 852 |
_aES-MaACL _jC-27539 |
||
| 999 |
_c56947 _d56947 |
||